Egregiously Drawn Flags #3 - Statistics

General Stats
  • This quiz has been taken 81 times
  • The average score is 9 of 10
Answer Stats
Picture Answer % Correct
Germany
100%
United Kingdom
100%
Denmark
97%
Nepal
97%
Chad
95%
Iraq
94%
Kosovo
88%
Papua New Guinea
88%
Marshall Islands
80%
Samoa
80%
No matching quizzes found
Score Distribution
Percent of People with Each Score
Percentile by Number Answered
Your Score History
You have not taken this quiz